| 000 | 00654nam a2200193 a 4500 | ||
|---|---|---|---|
| 005 | 20220818063522.0 | ||
| 008 | 041124s1974 fr r 000 0 fre d | ||
| 035 | _aUPN01000136528 | ||
| 049 | _aCG | ||
| 050 | 4 |
_aQA95 _bG5.5 |
|
| 100 | 1 | _aGirodet, Marie-Alix | |
| 245 | 1 | 0 |
_a1001 tours et jexus de mathématiques modernes / _cMarie-Alix Girodet, Jacques Chicheportiche, Georges Gauchéé ; il. Nathalie Grégory. |
| 260 |
_aParís : _bEditions des Deux coqs d'Or, _c[1974]. |
||
| 300 | _a141 p. | ||
| 650 | 0 |
_aRecreaciones matemáticas _96050 |
|
| 700 | 1 |
_aChicheportiche, Jacques, _ecoaut. |
|
| 700 | 1 |
_aGauchée, Georges, _ecoaut. |
|
| 905 | _aLibro | ||
| 999 |
_c108679 _d108679 |
||